Advanced economic theory : (Record no. 145532)

MARC details
000 -LEADER
fixed length control field 00729nam a22002057a 4500
005 - DATE AND TIME OF LATEST TRANSACTION
control field 20180119103800.0
010 ## - LCCN (DPL NO)
LC control number 1718EN-30
020 ## - INTERNATIONAL STANDARD BOOK NUMBER
International Standard Book Number 9789352533329
Terms of availability 770.00
035 ## - SYSTEM CONTROL NUMBER
System control number B-685842-847
037 ## - SOURCE OF ACQUISITION
Source of stock number/acquisition Asian
Stock number dpl
082 ## - DEWEY DECIMAL CLASSIFICATION NUMBER
Classification number 330.01
100 ## - MAIN ENTRY--PERSONAL NAME
Personal name Ahuja, H.L.
245 ## - TITLE STATEMENT
Title Advanced economic theory :
Statement of responsibility, etc by H.L. Ahuja
Remainder of title microeconomic analysis /
250 ## - EDITION STATEMENT
Edition statement 21st ed
260 ## - PUBLICATION, DISTRIBUTION, ETC. (IMPRINT)
Place of publication, distribution, etc New Delhi
Name of publisher, distributor, etc S.Chand
Date of publication, distribution, etc 2017
270 ## - ADDRESS
Address 7361, Ram Nagar,
City New Delhi
Postal code 110055
300 v# - PHYSICAL DESCRIPTION
Extent xvi,1347p.
Dimensions 24cm(pbk)
942 ## - ADDED ENTRY ELEMENTS (KOHA)
Source of classification or shelving scheme Dewey Decimal Classification
Item type English Books
Call number suffix AHU
Classification part 330.01
Holdings
Withdrawn status Lost status Not for loan Collection code Home library Current library Date acquired Source of acquisition Cost, normal purchase price Full call number Barcode Copy number Cost, replacement price Koha item type
      Non-fiction Ashok Vihar Ashok Vihar 19/01/2018 ABC/5278/5.12.17/BPPD/EN/2017-18/636/20.11.17/6.1.2018 770.00 330.01 AHU B-685843 1 770.00 English Books
      Non-fiction Bawana Bawana 19/01/2018 ABC/5278/5.12.17/BPPD/EN/2017-18/636/20.11.17/6.1.2018 770.00 330.01 AHU B-685847 1 770.00 English Books
      Non-fiction Central Library Central Library 19/01/2018 ABC/5278/5.12.17/BPPD/EN/2017-18/636/20.11.17/6.1.2018 770.00 330.01 AHU B-685842 1 770.00 English Books
      Non-fiction Janak Puri Janak Puri 19/01/2018 ABC/5278/5.12.17/BPPD/EN/2017-18/636/20.11.17/6.1.2018 770.00 330.01 AHU B-685845 1 770.00 English Books
      Non-fiction Patel Nagar Patel Nagar 19/01/2018 ABC/5278/5.12.17/BPPD/EN/2017-18/636/20.11.17/6.1.2018 770.00 330.01 AHU B-685844 1 770.00 English Books
      Non-fiction Sarojini Nagar Sarojini Nagar 19/01/2018 ABC/5278/5.12.17/BPPD/EN/2017-18/636/20.11.17/6.1.2018 770.00 330.01 AHU B-685846 1 770.00 English Books

© Delhi Public Library
Hit Counter
free hit counter